01213nam a22001937a 4500003000400000005001700004008004100021020001800062040001300080082001300093100002900106245003200135250004000167264006100207300004000268490001800308500066900326650002400995OSt20250127202547.0250127b ||||| |||| 00| 0 spa d a9786287591240 cCO-MqBPB aJNbPATs aPatiño, EnriqueeAutor aLa sed / cEnrique Patiño aEdición Conmemorativa b10 años aBogotá ,bEditorial Plantea Colombiana S.A:c2013-2024 a305 paginas: bTapa Rustica,c19 cm aPlanetaLector aReseña del libro "La sed" Sequía. Miles de desplazados en busca de agua. Un país que colapsa. Las autoridades solo defienden los pocos lugares donde aún hay reservas. Los asaltantes pululan. Un hombre lo perdió todo, trata de sobrevivir a solas en un paisaje árido en el que cada día parece ser el último. De pronto se encuentra con una joven agonizante y para salvarla debe enfrentarse a sus miedos y enemigos. Con esta edición conmemorativa, que material inédito, celebramos los diez años de una novela que retrata un aterrador universo apocalíptico que no está lejos de ocurrir y en la que el autor pone a prueba la condición humana. 2NovelazColombiana